Movies Directed by Kevin Smith - Statistics

General Stats
  • This quiz has been taken 11 times
  • The average score is 11 of 17
Answer Stats
Hint Answer % Correct
1994 Clerks
100%
1999 Dogma
100%
1995 Mallrats
100%
2014 Tusk
100%
2006 Clerks II
88%
2019 Jay and Silent Bob Reboot
88%
2001 Jay and Silent Bob Strike Back
88%
2004 Jersey Girl
88%
2016 Yoga Hosers
88%
1997 Chasing Amy
63%
2011 Red State
63%
2010 Cop Out
50%
2008 Zack and Miri Make a Porno
50%
2020 Killroy Was Here
25%
2002 The Flying Car
25%
2016 Halloween
0%
1992 Mae Rae: The Crumbling of a Documentary
0%
No matching quizzes found
Score Distribution
Percent of People with Each Score
Percentile by Number Answered
Your Score History
You have not taken this quiz